| 000 | 00987nam a22002057a 4500 | ||
|---|---|---|---|
| 999 |
_c10313 _d10313 |
||
| 003 | GBCCL | ||
| 005 | 20241126110729.0 | ||
| 008 | 240617b ||||| |||| 00| 0 eng d | ||
| 020 | _a9781433616532, | ||
| 020 | _a9781433616549 | ||
| 020 | _a9781586406370 | ||
| 040 | _cgbc | ||
| 082 |
_a220.520814 _bHOL |
||
| 245 |
_aHolman Rainbow study Bible : _bHoly Bible, New International version |
||
| 260 |
_aNashville, Tennessee, _bHolman Bible Publishers, _c2013 |
||
| 300 |
_axxiii, 1576 pages : _bcolor illustrated verse coding, color maps ; _c25 cm |
||
| 505 | _aStudy God's word in full color Concordance: (pages [1335]-1408) "Words of God (the Father, the Son, and the Holy Spirit) distinguished with bold underlining, book introductions and outlines, center column cross-references, sectional headings, in-text maps, bookmarker with color-code system, subject guide, concordance, and other special study aids." | ||
| 650 |
_aBible _vstudy and teaching _99499 |
||
| 942 |
_2ddc _cREF |
||